000 00528nam a2200193Ia 4500
005 20260120131235.0
008 008 260114s9999 xx 000 0 eng d
020 _a9780191770661
037 _aEBOOK
040 _aCRL
_beng
_cCRL
041 _aeng
_2eng
084 _qCRL
100 _aBaker, White
_9924635
245 0 _aEconomics and the Virtues
260 _bOxford University PressOxford University Press
_c2016
856 _uhttps://academic.oup.com/book/26481
942 _cEBOOK
999 _c1516549
_d1516549